Establishing the 'Statistical Accuracy' of Uniform Crime Reports (UCR) in West Viriginia

Guardado en:  
Detalles Bibliográficos
Autores principales: Nolan, James (Autor) ; Jira, Carly (Autor) ; Kirby, Jeri (Autor) ; Lester, Theresa K. (Autor) ; Haas, Stephen M. (Autor)
Tipo de documento: Electrónico Libro
Lenguaje:Inglés
Publicado: [Erscheinungsort nicht ermittelbar] West Virginia, Department of Military Affairs & Public Safety, Division of Criminal Justice Services, Criminal Justice Statistical Analysis Center 2006
En:Año: 2006
Acceso en línea: Volltext (lizenzpflichtig)
Verificar disponibilidad: HBZ Gateway
Servicio de pedido Subito: Pedir ahora.

MARC

LEADER 00000cam a22000002c 4500
001 1912540096
003 DE-627
005 20250124054946.0
007 cr uuu---uuuuu
008 241217s2006 xx |||||o 00| ||eng c
035 |a (DE-627)1912540096 
035 |a (DE-599)KXP1912540096 
040 |a DE-627  |b ger  |c DE-627  |e rda 
041 |a eng 
084 |a 2,1  |2 ssgn 
100 1 |a Nolan, James  |e VerfasserIn  |4 aut 
245 1 0 |a Establishing the 'Statistical Accuracy' of Uniform Crime Reports (UCR) in West Viriginia 
264 1 |a [Erscheinungsort nicht ermittelbar]  |b West Virginia, Department of Military Affairs & Public Safety, Division of Criminal Justice Services, Criminal Justice Statistical Analysis Center  |c 2006 
336 |a Text  |b txt  |2 rdacontent 
337 |a Computermedien  |b c  |2 rdamedia 
338 |a Online-Ressource  |b cr  |2 rdacarrier 
700 1 |a Jira, Carly  |e VerfasserIn  |4 aut 
700 1 |a Kirby, Jeri  |e VerfasserIn  |4 aut 
700 1 |a Lester, Theresa K.  |e VerfasserIn  |4 aut 
700 1 |a Haas, Stephen M.  |e VerfasserIn  |4 aut 
856 4 0 |u http://www.djcs.wv.gov/SAC/Documents/WVSAC_NIBRSAudit05Report_UCR.pdf  |q application/pdf  |x Verlag  |z lizenzpflichtig  |3 Volltext  |7 1 
935 |a mkri 
951 |a BO 
ELC |a 1 
LOK |0 000 xxxxxcx a22 zn 4500 
LOK |0 001 4637505593 
LOK |0 003 DE-627 
LOK |0 004 1912540096 
LOK |0 005 20241217044423 
LOK |0 008 241217||||||||||||||||ger||||||| 
LOK |0 035   |a (DE-2619)ICPSR114349 
LOK |0 040   |a DE-2619  |c DE-627  |d DE-2619 
LOK |0 092   |o n 
LOK |0 852   |a DE-2619 
LOK |0 852 1  |9 00 
LOK |0 935   |a nacp 
LOK |0 939   |a 17-12-24  |b l01 
ORI |a SA-MARC-krimdoka001.raw